000 00889nam a2200265Ia 4500
003 OSt
005 20221005111213.0
006 a|||||r|||| 00| 0
007 ta
008 221004b |||||||| |||| 00| 0 ben d
020 _a9789350002308 (hbk)
_c200
024 _a17266
037 _b518A, 21/03/2015, Vani Prakashan
_cTextual
040 _aCRL
_cCRL
_bben
041 _2ben
_aben
082 _aO157,3N26,GH, 152Q3
100 _aमहाश्वेता देवी
245 0 _aगोह
246 _aGoha
260 _aनई दिल्ली
_bवाणी प्रकाशन भारत
_c2010
300 _a108पृ0
_ccm.
650 _aहिन्दी साहित्य
942 _hO157,3N26,GH, 152Q3
_cTEXL
_2cc
999 _c1021139
_d1021139